000 00663nam a2200229 a 4500
001 18890
003 CO-ViMGA
008 141112s2004 ck r 000 u spa d
020 _a9789587434941
040 _aCO-ViMGA
_bspa
_cCO-ViMGA
082 0 4 _aI 823.91
_bD145c
100 1 _aDahl, Roald
_91358
245 1 0 _aCharlie y la fábrica de chocolate
260 _aBogotá :
_bLoqueleo;
_c2015
300 _a231 p. il
490 _aColeccion Roald Dahl
500 _aA partir de 12 años.
590 _aForma de adquisición : Compra 2005 - - Precio :
650 1 4 _aCUENTOS INFANTILES INGLESES
_9103
700 1 _aBlake, Quentin,
_eIl.
_97597
942 _2ddc
_cBK
999 _c7334
_d7334